|
|
|
|
| LEADER |
03173nam a2200817 i 4500 |
| 001 |
nkc20152730670 |
| 003 |
CZ PrNK |
| 005 |
20160121131134.0 |
| 007 |
ta |
| 008 |
151102s2015 xr acehe 000 0dcze |
| 015 |
|
|
|a cnb002730670
|
| 020 |
|
|
|a 978-80-260-8747-2
|q (vázáno)
|
| 035 |
|
|
|a (OCoLC)934900088
|
| 040 |
|
|
|a ABA001
|b cze
|e rda
|
| 041 |
1 |
|
|a cze
|a eng
|h cze
|
| 043 |
|
|
|a e-xr---
|b e-xr-pg
|2 czenas
|
| 045 |
|
|
|a x1x1
|a y0y1
|
| 072 |
|
7 |
|a 72
|x Architektura
|2 Konspekt
|9 21
|
| 080 |
|
|
|a 72
|2 MRF
|
| 080 |
|
|
|a 72.035.93
|2 MRF
|
| 080 |
|
|
|a 7.037.2
|2 MRF
|
| 080 |
|
|
|a 72.036/.038
|2 MRF
|
| 080 |
|
|
|a 721
|2 MRF
|
| 080 |
|
|
|a 725.26
|2 MRF
|
| 080 |
|
|
|a 72:904
|2 MRF
|
| 080 |
|
|
|a 69.059.3
|2 MRF
|
| 080 |
|
|
|a (437.311)
|2 MRF
|
| 080 |
|
|
|a (084.12)
|2 MRF
|
| 100 |
1 |
|
|a Lukeš, Zdeněk,
|d 1954-
|7 jn99240000644
|4 aut
|
| 245 |
1 |
0 |
|a Šupichovy domy a pasáž Rokoko =
|b The Šupich Houses and Rokoko Passage /
|c [koncepce a texty] Zdeněk Lukeš ; [foto] Ester Havlová
|
| 246 |
3 |
1 |
|a Šupich Houses and Rokoko Passage
|
| 250 |
|
|
|a Vydání první
|
| 264 |
|
1 |
|a [Praha] :
|b Palác Rokoko,
|c 2015
|
| 300 |
|
|
|a 77 stran :
|b ilustrace (převážně barevné), portréty, plány faksimile ;
|c 23 cm
|
| 336 |
|
|
|a text
|b txt
|2 rdacontent
|
| 336 |
|
|
|a statický obraz
|b sti
|2 rdacontent
|
| 337 |
|
|
|a bez média
|b n
|2 rdamedia
|
| 338 |
|
|
|a svazek
|b nc
|2 rdacarrier
|
| 500 |
|
|
|a Publikace vydaná ke 100. výročí postavení Paláce Rokoko
|
| 546 |
|
|
|a Souběžný anglický text
|
| 600 |
1 |
7 |
|a Králíček, Emil,
|d 1877-1930
|7 jk01062815
|2 czenas
|
| 648 |
|
4 |
|a 1911-1915
|
| 648 |
|
7 |
|a 2001-2020
|7 ch460601
|2 czenas
|
| 648 |
|
7 |
|a 20. století
|7 ch460558
|2 czenas
|
| 650 |
0 |
7 |
|a architektura
|7 ph118586
|z Česko
|y 20. století
|2 czenas
|
| 650 |
0 |
7 |
|a secesní architektura
|7 ph237432
|z Česko
|2 czenas
|
| 650 |
0 |
7 |
|a kubismus
|7 ph121994
|z Česko
|2 czenas
|
| 650 |
0 |
7 |
|a moderní architektura
|7 ph115339
|z Česko
|2 czenas
|
| 650 |
0 |
7 |
|a domy
|7 ph119550
|z Česko
|y 20. století
|2 czenas
|
| 650 |
0 |
7 |
|a pasáže
|7 ph135203
|z Česko
|y 20. století
|2 czenas
|
| 650 |
0 |
7 |
|a architektonické památky
|7 ph118585
|z Česko
|2 czenas
|
| 650 |
0 |
7 |
|a rekonstrukce staveb
|7 ph223709
|z Česko
|y 2001-2020
|2 czenas
|
| 650 |
0 |
9 |
|a architecture
|z Czechia
|y 20th century
|2 eczenas
|
| 650 |
0 |
9 |
|a Art nouveau
|z Czechia
|2 eczenas
|
| 650 |
0 |
9 |
|a cubism
|z Czechia
|2 eczenas
|
| 650 |
0 |
9 |
|a modern architecture
|z Czechia
|2 eczenas
|
| 650 |
0 |
9 |
|a houses
|z Czechia
|y 20th century
|2 eczenas
|
| 650 |
0 |
9 |
|a arcades
|z Czechia
|y 20th century
|2 eczenas
|
| 650 |
0 |
9 |
|a architectural monuments
|z Czechia
|2 eczenas
|
| 650 |
0 |
9 |
|a reconstruction of buildings
|z Czechia
|y 2001-2020
|2 eczenas
|
| 651 |
|
7 |
|a Praha (Česko)
|7 ge118011
|2 czenas
|
| 651 |
|
9 |
|a Prague (Czechia)
|2 eczenas
|
| 655 |
|
7 |
|a fotografické publikace
|7 fd132276
|2 czenas
|
| 655 |
|
9 |
|a photographical works
|2 eczenas
|
| 700 |
1 |
2 |
|a Lukeš, Zdeněk,
|d 1954-
|t Šupichovy domy a pasáž Rokoko.
|l Anglicky
|
| 700 |
1 |
|
|a Havlová, Ester,
|d 1967-
|7 jn20010310034
|4 pht
|
| 910 |
2 |
|
|a BOA001
|b 2-1355.350
|
| 990 |
|
|
|a BK
|
| 995 |
|
|
|a 01
|
| 991 |
|
|
|b 201511
|c NOV
|e n
|
| 996 |
6 |
|
|b 2610648243
|c 2-1355.350
|l MZK
|r Sklad / do 1 hodiny
|n 0
|p p.v.
|w 001528816
|u 000010
|a 1
|e BOA001
|j MZK50
|s P
|